000
00337nam a2200133Ia 4500
008
190722s9999 xx 000 0 und d
020
_a
978-81-317-7434-2
100
_a
A.C.Fernando
245
0
_a
Business Ethics an Indian Perspective
250
_a
2rd
260
_a
New Delhi
_b
Dorling kindersley
_c
2014
300
_a
549
942
_c
BK
999
_c
989
_d
989